MARC details
| 000 -LEADER |
| fixed length control field |
01763nam a2200325 a 4500 |
| 001 - CONTROL NUMBER |
| control field |
199985 |
| 003 - CONTROL NUMBER IDENTIFIER |
| control field |
AM-YeHGA |
| 005 - DATE AND TIME OF LATEST TRANSACTION |
| control field |
20251030101011.0 |
| 008 - FIXED-LENGTH DATA ELEMENTS--GENERAL INFORMATION |
| fixed length control field |
030625s1868 tu |||||||||||||||1|arm|d |
| 040 ## - CATALOGING SOURCE |
| Original cataloging agency |
AM-YeHGA |
| 041 1# - LANGUAGE CODE |
| Language code of text/sound track or separate title |
arm |
| Language code of original |
fre |
| 100 1# - MAIN ENTRY--PERSONAL NAME |
| Personal name |
Հյուգո, Վիկտոր, |
| Dates associated with a name |
1802-1885 |
| 9 (RLIN) |
5858 |
| 245 10 - TITLE STATEMENT |
| Title |
Թշուառներ : |
| Remainder of title |
[Վեպ] / |
| Statement of responsibility, etc. |
Վիգթօր Հիւկօ ; Թարգմ.՝ Գր. Չիլինկիրեան ; Տէր եւ հրատարակիչ՝ Տիգրան Յարութիւն Տէտէեան․ |
| 260 ## - PUBLICATION, DISTRIBUTION, ETC. |
| Place of publication, distribution, etc. |
Զմիւռնիա : |
| Name of publisher, distributor, etc. |
տպ. Տէտէեան, |
| Date of publication, distribution, etc. |
1868. |
| 300 ## - PHYSICAL DESCRIPTION |
| Extent |
մաս, հատոր ; |
| Dimensions |
21 սմ. |
| 505 00 - FORMATTED CONTENTS NOTE |
| Miscellaneous information |
Մ․ 1, Հ. 1 (1868; 244 էջ) : |
| Title |
Ֆանթին ; |
| 505 00 - FORMATTED CONTENTS NOTE |
| Miscellaneous information |
Մ. 1, Հ. 2 (1868, 237 էջ) : |
| Title |
Ֆանթին ; |
| 505 00 - FORMATTED CONTENTS NOTE |
| Miscellaneous information |
Մ. 2. Հ. 3 (1868, 222 էջ) : |
| Title |
Գօզէթ ; |
| 505 00 - FORMATTED CONTENTS NOTE |
| Miscellaneous information |
Մ. 2. Հ. 4 (1868, 196 էջ) : |
| Title |
Գօզէթ ; |
| 505 10 - FORMATTED CONTENTS NOTE |
| Miscellaneous information |
Մ. 3. Հ. 5 (1868 ; 191 էջ) : |
| Title |
Մարիուս ; |
| 505 10 - FORMATTED CONTENTS NOTE |
| Miscellaneous information |
Մ. 3. Հ. 6 (1869 ; 180 էջ) : |
| Title |
Մարիուս ; |
| 505 00 - FORMATTED CONTENTS NOTE |
| Miscellaneous information |
Մ. 4. Հ. 7 (1869, 272 էջ) : |
| Title |
Բլիւմէ փողոցը հովուերգութիւն եւ Սէն-Տընի փողոցը դիւցազներգութիւն ; |
| 505 00 - FORMATTED CONTENTS NOTE |
| Miscellaneous information |
Մ. 4. Հ. 8 (1869, 240 էջ) : |
| Title |
Բլիւմէ փողոցը հովուերգութիւն եւ Սէն-Տընի փողոցը դիւցազներգութիւն ; |
| 505 00 - FORMATTED CONTENTS NOTE |
| Miscellaneous information |
Մ. 5. Հ. 9 (1869, 1870, 239 էջ) : |
| Title |
Ժան Վալժան ; |
| 505 00 - FORMATTED CONTENTS NOTE |
| Miscellaneous information |
Մ. 5. Հ. 10 (1869, 1870, 192 էջ) : |
| Title |
Ժան Վալժան. |
| 650 14 - SUBJECT ADDED ENTRY--TOPICAL TERM |
| Topical term or geographic name entry element |
Ֆրանսիական գրականություն |
| Form subdivision |
Վեպ |
| 700 1# - ADDED ENTRY--PERSONAL NAME |
| Personal name |
Չիլինկիրեան, Գր․ |
| Relator term |
թարգմանիչ |
| Relationship |
trl |
| 700 1# - ADDED ENTRY--PERSONAL NAME |
| Personal name |
Տէտէեան, Տիգրան Յարութիւն |
| Relator term |
հրատարակիչ |
| Relationship |
edt |
| 9 (RLIN) |
3983 |
| 942 ## - ADDED ENTRY ELEMENTS (KOHA) |
| Source of classification or shelving scheme |
Universal Decimal Classification |
| Koha item type |
Գրքեր / Books |